000
00341nam a22001337a 4500
008
210819b ||||| |||| 00| 0 eng d
041
_a
eng
080
_a
32
082
_a
32
100
_a
19
101
_a
POL
245
_a
Kosova Sfidë e Politikës së Përbashkët të Jasthme dhe të Sigurisë të BE-së
_c
Ukshini,S
942
_2
udc
_c
BK
999
_c
58117
_d
58117